| 000 | 00989nam0a22002411i 4500 | ||
|---|---|---|---|
| 001 | rc\3998217 | ||
| 005 | 20240725232427.0 | ||
| 021 |
_aRU _b[56-7840] |
||
| 035 | _a(NLR Aleph) 008071481 | ||
| 090 |
_a9065684 _c9065684 |
||
| 100 | _a20130415d1956 |||y0rusy50 ca | ||
| 101 | 0 | _arus | |
| 102 | _aRU | ||
| 105 | _ay d ||||| | ||
| 200 | 1 |
_aСравнительная оценка материалов для хирургического шва _e(Шелк, кетгут, капрон, нейлон) _eАвтореферат дис. на соискание учен. степени кандидата мед. наук _fГорьк. гос. мед. ин-т им. С.М. Кирова |
|
| 210 |
_aГорький _d1956 |
||
| 215 |
_a12 с. _d21 |
||
| 606 |
_aШов _xШовный материал _2psbo |
||
| 700 | 1 |
_aТрапезников _bН.Н. _gНиколай Николаевич |
|
| 801 | 0 |
_aRU _bNLR _gpsbo |
|
| 801 | 1 |
_aRU _bELAR _2rusmarc |
|
| 852 |
_aNLR _jМд40 Г-4/1446 |
||
| 942 | _cBOOK | ||